Metodología de proyectos

Salvato in:
Dettagli Bibliografici
Autori principali: Condemarín, Mabel (Autore), Galdames, Viviana (Autore)
Altri autori: Medina Moreno, Alejandra (autora)
Natura: Libro
Lingua:spagnolo
Pubblicazione: Santiago s.n 1990
Soggetti:
Tags: Aggiungi Tag
Nessun Tag, puoi essere il primo ad aggiungerne!!

MARC

LEADER 00000nam a2200000 a 4500
001 UCH7968
003 CL-VaPUC
008 091127e19900000CL |||||||||||||||||spa|d
082 0 4 |a 370.7  |b CON  |2 21 
100 0 |a Condemarín, Mabel  |e author  |9 544356 
700 0 |a Galdames, Viviana  |e author  |9 544357 
700 |a Medina Moreno, Alejandra  |e autora  |9 558156 
245 1 0 |a Metodología de proyectos 
300 |a 19 p 
942 |c BK 
945 |d 20091127 00:00:00  |a ccalabra 
260 |a Santiago  |b s.n  |c 1990 
650 0 |a Educación  |9 258661 
650 0 |a Calidad de la educación   |9 307271 
650 7 |a EVALUACION CURRICULAR  |2 CL-VaPUC  |9 308585 
650 0 |a Evaluación de la educación   |9 237505 
650 0 |a Investigación científica  |9 259857 
650 0 |a Investigación educacional   |9 261192 
583 |a last modification  |c 20091127 00:00:00  |k Rodrigo Vera 
999 |c 338259  |d 338257